Alle Teams der Basketball-Weltmeisterschaften - Statistiken

Allgemein
  • Dieses Quiz wurde 164 mal gespielt
    107 seit der letzten Aktualisierung
  • Das Durchschnittsergebnis liegt bei 39 aus 60
Antwortstatistiken
Bestes Resultat Land % Korrekt
Sieger (u.a. 2014) USA
100%
Dritter (2023) Kanada
99%
Sieger (u.a. 1982) Sowjetunion/Russland
99%
Sieger (2023) Deutschland
97%
Sieger (u.a. 2019) Spanien
97%
Teilnahme (u.a. 2023) Japan
95%
Achter (1994) China
93%
Vierter (1978) Italien
93%
Zweiter (2014) Serbien
93%
Sieger (u.a. 1963) Brasilien
92%
Dritter (u.a. 2019) Frankreich
92%
Siebter (u.a. 2023) Slowenien
91%
Sieger (1950) Argentinien
88%
Zweiter (2006) Griechenland
88%
Fünfter (2023) Lettland
87%
Teilnahme (u.a. 2023) Mexiko
87%
Dritter (u.a. 2010) Litauen
85%
Vierter (2019) Australien
83%
Dritter (1994) Kroatien
80%
Teilnahme (u.a. 2023) Neuseeland
80%
Zweiter (2010) Türkei
80%
Fünfter (1967) Polen
77%
Dritter (u.a. 1959) Chile
75%
Sechster (1970) Tschechoslowakei/Tschechien
73%
Siebter (1982) Kolumbien
72%
Teilnahme (u.a. 2019) Südkorea
72%
Fünfter (1950) Ägypten/Vereinigte Arabische Republik
69%
Teilnahme (1986) Niederlande
69%
Sieger (u.a. 2002) Jugoslawien
68%
Teilnahme (2014) Ukraine
68%
Teilnahme (u.a. 2023) Finnland
65%
Teilnahme (u.a. 2019) Nigeria
65%
Siebter (1950) Peru
65%
Teilnahme (u.a. 2023) Venezuela
64%
Teilnahme (u.a. 2023) Iran
63%
Dritter (1954) Philippinen
61%
Siebter (1967) Uruguay
61%
Teilnahme (2023) Südsudan
56%
Teilnahme (2002) Algerien
55%
Teilnahme (2023) Montenegro
55%
Achter (1970) Kuba
53%
Teilnahme (u.a. 1967) Paraguay
53%
Siebter (1959) Bulgarien
52%
Teilnahme (u.a. 2023) Dominikanische Republik
52%
Teilnahme (u.a. 2023) Angola
49%
Teilnahme (u.a. 2019) Tunesien
49%
Siebter (1986) Israel
48%
Achter (1950) Ecuador
45%
Teilnahme (u.a. 2006) Panama
44%
Teilnahme (u.a. 2019) Senegal
41%
Vierter (1990) Puerto Rico
37%
Teilnahme (2006) Katar
35%
Teilnahme (u.a. 2023) Elfenbeinküste
31%
Teilnahme (2023) Georgien
29%
Fünfter (1954) Taiwan
28%
Teilnahme (u.a. 2023) Jordanien
27%
Teilnahme (u.a. 2023) Libanon
27%
Teilnahme (1986) Malaysia
23%
Teilnahme (2023) Kap Verde
13%
Teilnahme (1974) Zentralafrikanische Republik
4%
Keine übereinstimmenden Quizze gefunden
Verteilung der Resultate
Anzahl Personen mit jedem Resultat
Perzentil nach korrekt beantworteten Fragen
Ihre Resultats-Entwicklung
Sie haben dieses Quiz seit der letzten Aktualisierung nicht gespielt